| 000 | 01273cam a2200313 i 4500 | ||
|---|---|---|---|
| 001 | 331 | ||
| 003 | Mx-PuUPA | ||
| 005 | 20260211185944.0 | ||
| 008 | 140415s2015 sp gr 000 0 spa d | ||
| 017 | _aM-3188-2015 | ||
| 020 | _a9788428397902 | ||
| 040 |
_aMx-PuUPA _bspa _cMx-PuUPA _dMx-PuUPA _erda |
||
| 041 | 0 | _aspa | |
| 100 | 1 |
_aAlba Galván, Cristina de, _917757 _eator |
|
| 245 | 1 | 0 |
_aGestión de recursos laborales, formativos y análisis de puestos de trabajo para la inserción sociolaboral de personas con discapacidad / _cCristina de Alba Galván |
| 264 | 3 |
_aEspaña : _bEdiciones Paraninfo, _c©2015 |
|
| 300 |
_axiii, 135 páginas : _bdiagramas, tablas, _c24 cm |
||
| 336 |
_2rdacontent _atexto _btxt |
||
| 337 |
_2rdamedia _asin medio _bn |
||
| 338 |
_2rdacarrier _avolumen _bnc |
||
| 500 | _a"Certificado de profesionalidad SSCG0109 Inserción laboral de personas con discapacidad". -- Cubierta | ||
| 650 | 7 |
_2armarc _aPersonas con discapacidad |
|
| 650 | 7 |
_2armarc _aManuales de formación |
|
| 650 | 7 |
_2armarc _aEducación de personas con discapacidad _xOrientación profesional |
|
| 650 | 7 |
_2armarc _aExámenes, test, etc _xPuestos de trabajo |
|
| 942 |
_2ddc _cLI _h305.908071 _iA32 |
||
| 999 |
_c331 _d331 |
||